000 00453nam a22001817a 4500
003 MPLRDC
005 20220104172715.0
008 210129b ||||| |||| 00| 0 eng d
020 _a81-7108-073-1
082 _a173.2 PEA
100 _aNORMAN VINCENT PEALE
245 _aTHE POWER OF POSITIVE THINKING FOR YOUNG PEOPLE
_c
250 _a初版
260 _a
_bBETTER YOURSELF BOOKS
_c1955
300 _b
650 _a
942 _cBK
_o173.2 PEA
999 _c59082
_d59072